<?xml version="1.0" encoding="UTF-8"?>
<record
    xmlns:xsi="http://www.w3.org/2001/XMLSchema-instance"
    xsi:schemaLocation="http://www.loc.gov/MARC21/slim http://www.loc.gov/standards/marcxml/schema/MARC21slim.xsd"
    xmlns="http://www.loc.gov/MARC21/slim">

  <leader>01370cam a2200253 i 4500</leader>
  <controlfield tag="003">OSt</controlfield>
  <controlfield tag="005">20160724095154.0</controlfield>
  <controlfield tag="008">130724s2014    nyua     b    001 0 eng  </controlfield>
  <datafield tag="020" ind1=" " ind2=" ">
    <subfield code="a">9780071794589 (hardcover : alk. paper)</subfield>
  </datafield>
  <datafield tag="020" ind1=" " ind2=" ">
    <subfield code="a">0071794581 (hardcover : alk. paper)</subfield>
  </datafield>
  <datafield tag="040" ind1=" " ind2=" ">
    <subfield code="a">ma-in</subfield>
    <subfield code="b">eng</subfield>
  </datafield>
  <datafield tag="060" ind1="1" ind2="0">
    <subfield code="a">QV 38</subfield>
  </datafield>
  <datafield tag="082" ind1="0" ind2="0">
    <subfield code="a">615.7</subfield>
    <subfield code="2">23</subfield>
    <subfield code="b">BLA</subfield>
  </datafield>
  <datafield tag="100" ind1="1" ind2=" ">
    <subfield code="a">Bauer, Larry A.,</subfield>
    <subfield code="e">author</subfield>
    <subfield code="9">56102</subfield>
  </datafield>
  <datafield tag="245" ind1="1" ind2="0">
    <subfield code="a">Applied clinical pharmacokinetics /</subfield>
    <subfield code="c">Larry A. Bauer</subfield>
  </datafield>
  <datafield tag="250" ind1=" " ind2=" ">
    <subfield code="a">Third edition</subfield>
  </datafield>
  <datafield tag="300" ind1=" " ind2=" ">
    <subfield code="a">xii, 868 pages ;</subfield>
    <subfield code="c">24cm</subfield>
  </datafield>
  <datafield tag="504" ind1=" " ind2=" ">
    <subfield code="a">Includes bibliographical references and index</subfield>
  </datafield>
  <datafield tag="505" ind1="0" ind2=" ">
    <subfield code="a">Clinical pharmacokinetic and pharmacodynamic concepts -- Clinical pharmacokinetic equations and calculations -- Drug dosing in special populations : renal and hepatic disease, dialysis, heart failure, obesity, and drug interactions -- Aminoglycoside antibiotics -- Vancomycin -- Digoxin -- Lidocaine -- Procainamide/N-acetyl procainamide -- Quinidine -- Phenytoin/fosphenytoin -- Carbamazepine -- Valproic acid -- Phenobarbital/primidone -- Ethosuximide -- Lamotrigine -- Levetiracetam -- Oxcarbazepine/eslicarbazepine -- Cyclosporine -- Tacrolimus -- Sirolimus -- Lithium -- Theophylline</subfield>
  </datafield>
  <datafield tag="650" ind1=" " ind2="0">
    <subfield code="a">Pharmacokinetics</subfield>
    <subfield code="9">19073</subfield>
  </datafield>
  <datafield tag="650" ind1="1" ind2="2">
    <subfield code="a">Pharmacokinetics</subfield>
    <subfield code="9">19073</subfield>
  </datafield>
  <datafield tag="650" ind1="2" ind2="2">
    <subfield code="a">Pharmaceutical Preparations</subfield>
    <subfield code="x">administration &amp; dosage</subfield>
    <subfield code="9">56103</subfield>
  </datafield>
  <datafield tag="942" ind1=" " ind2=" ">
    <subfield code="c">BOOK</subfield>
  </datafield>
  <datafield tag="999" ind1=" " ind2=" ">
    <subfield code="c">39637</subfield>
    <subfield code="d">274137</subfield>
  </datafield>
  <datafield tag="952" ind1=" " ind2=" ">
    <subfield code="1">0</subfield>
    <subfield code="2">2016-07-24</subfield>
    <subfield code="4">0</subfield>
    <subfield code="7">0</subfield>
    <subfield code="a">615.7 BLA</subfield>
    <subfield code="d">2016-07-24</subfield>
    <subfield code="h">CL</subfield>
    <subfield code="i">00502055</subfield>
    <subfield code="m">CL</subfield>
    <subfield code="r">2016-07-24 00:00:00</subfield>
    <subfield code="t">BOOK</subfield>
    <subfield code="w">ddc</subfield>
    <subfield code="y">0</subfield>
  </datafield>
  <datafield tag="952" ind1=" " ind2=" ">
    <subfield code="1">0</subfield>
    <subfield code="2">2016-07-24</subfield>
    <subfield code="4">0</subfield>
    <subfield code="7">0</subfield>
    <subfield code="a">615.7 BLA</subfield>
    <subfield code="d">2016-07-24</subfield>
    <subfield code="h">CL</subfield>
    <subfield code="i">00502056</subfield>
    <subfield code="m">CL</subfield>
    <subfield code="r">2016-07-24 00:00:00</subfield>
    <subfield code="t">BOOK</subfield>
    <subfield code="w">ddc</subfield>
    <subfield code="y">0</subfield>
  </datafield>
  <datafield tag="952" ind1=" " ind2=" ">
    <subfield code="1">0</subfield>
    <subfield code="2">2016-07-24</subfield>
    <subfield code="4">0</subfield>
    <subfield code="7">0</subfield>
    <subfield code="a">615.7 BLA</subfield>
    <subfield code="d">2016-07-24</subfield>
    <subfield code="h">CL</subfield>
    <subfield code="i">00502057</subfield>
    <subfield code="m">CL</subfield>
    <subfield code="r">2016-07-24 00:00:00</subfield>
    <subfield code="t">BOOK</subfield>
    <subfield code="w">ddc</subfield>
    <subfield code="y">0</subfield>
  </datafield>
  <datafield tag="952" ind1=" " ind2=" ">
    <subfield code="1">0</subfield>
    <subfield code="2">2016-07-24</subfield>
    <subfield code="4">0</subfield>
    <subfield code="7">0</subfield>
    <subfield code="a">615.7 BLA</subfield>
    <subfield code="d">2016-07-24</subfield>
    <subfield code="h">SZM</subfield>
    <subfield code="i">00502058</subfield>
    <subfield code="m">SZM</subfield>
    <subfield code="r">2016-07-24 00:00:00</subfield>
    <subfield code="t">BOOK</subfield>
    <subfield code="w">ddc</subfield>
    <subfield code="y">0</subfield>
  </datafield>
</record>
